00402nam a2200133Ia 4500008004100000020001500041041001200056100001200068245011500080260003300195300000800228650001900236700001300255221030s9999 xx 000 0 und d a9350750209 aEnglish aA. Goel 0aEngineering Mathematics for GATE Useful for All Streams ME, EC, EE, CE, CS & IT, IN etc.cby A. Goel, S. Singh bArihant PubaNew Delhic2012 a431 aBE Mathematics aS. Singh